000 00597nam a2200229Ia 4500
003 OSt
005 20230411153736.0
008 210423s2005 xx 000 0 und d
020 _a978-0-415-37547-4
040 _cAL
041 _aeng
082 _a809.89282
_223
_bHUNU
100 _aHUNT (Peter)
_986327
245 _aUnderstanding childrens literature Ed 2
250 _a2
260 _aLondon
_bRoutledge
_c2005
300 _aviii,225
_bPB
365 _b2285.21
_cGBP
650 _aHistory of Literature
_986328
906 _achildrens ; literature ; Understanding
942 _2ddc
_cBK
999 _c169677
_d169677